| 000 | 00000nam##2200000za#4500 |
| 001 | 9.599010 |
| 003 | CaOODSP |
| 005 | 20210624204844 |
| 007 | cr ||||||||||| |
| 008 | 150406|1998||||xxc|||||o f|0| 0 fre|d |
| 040 | |aCaOODSP|bfre |
| 043 | |an-cn--- |
| 086 | 1 |aBT31-2/1999-III-90F-PDF |
| 110 | 1 |aCanada. |bConseil du trésor. |
| 245 | 10|aCentre canadien de gestion, rapport sur les plans et les priorités 1998-1999 pour la période 1998–1999 à 2000–2001 |h[ressource électronique] |
| 260 | |bSecrétariat du Conseil du Trésor du Canada |c[1998]. |
| 300 | |a38p.|btableaux |
| 490 | 1 |aBudget des dépenses 1998-1999. Partie III, Rapport sur les plans et les priorités |v1998-1999 à 2000-2001 |
| 590 | |a10-12-Supp|b2010-11-18 |
| 775 | 08|tCanadian Centre for Management Development, report on plans and priorities 1998–99 for the period of 1998–99 to 2000–2001 |w(CaOODSP)9.567679 |
| 776 | 0#|tCanadian Centre for Management Development |w(CaOODSP)9.530400 |
| 776 | 0#|tCentre canadien de gestion |w(CaOODSP)9.530401 |
| 830 | #0|aBudget des dépenses 1998-1999. Partie III, Rapport sur les plans et les priorités ;|v1998-1999 à 2000-2001|w(CaOODSP)9.502118 |
| 856 | 40|ahttp://publications.gc.ca|qPDF|s109 Ko|uhttps://publications.gc.ca/collections/Collection/BT31-2-1999-III-90F.pdf|y1998-1999 à 2000-2001 |